External relations of the EU: focus on the Alpine region

Saved in:
Bibliographic Details
Main Author: Čiderová, Denisa, 1977-
Other Authors: Kovačević, Dubravka
Format: Book Chapter
Language:English
Subjects:
Tags: Add Tag
No Tags, Be the first to tag this record!

MARC

LEADER 00000naa$a2200000$$$4500
001 0220699
005 20240502083547.0
041 0 |a eng 
044 |a BG 
245 1 0 |a External relations of the EU: focus on the Alpine region  |c Denisa Čiderová, Dubravka Kovačević 
610 2 0 |a Európska únia 
610 2 0 |a geopolitika 
610 2 0 |a makroregióny 
100 1 |a Čiderová, Denisa, 1977- 
700 1 |a Kovačević, Dubravka